000
00354nam a2200145Ia 4500
008
180207s9999 xx 000 0 und d
050
_b
D218 1992
245
_a
Daring rescue /
260
_a
Canada :
260
_b
Tormont Publications, Inc.,
260
_c
1992
300
_a
unpaged :
300
_b
color illustration ;
440
_a
The Teddy Bears.
999
_c
355320
_d
355320